00319nam a2200133Ia 45000030006000000080041000060400015000471000024000622450043000862500010001292600017001395460012001560050017001680STCL150530s9999 xx 000 0 und d aSTCLcSTCL aDavid Laidler, E.W. aDemand for money theories and evidence aFirst bAlliedc1972 aEnglish20220125165650.0